书目信息 |
| 题名: |
《野草》研究
|
|
| 作者: | 孙玉石 著 | |
| 分册: | ||
| 出版信息: | 北京 中国社会科学出版社 1982 |
|
| 页数: | 376页 | |
| 开本: | 21cm | |
| 丛书名: | ||
| 单 册: | ||
| 中图分类: | I210.97 , I206 | |
| 科图分类: | ||
| 主题词: | 鲁迅著作--研究 , 文学研究 , 文学--中国 | |
| 电子资源: | ||
| ISBN: | ||
| 000 | 00648nam0 2200253 450 | |
| 001 | 1538291290 | |
| 005 | 20150119104156.03 | |
| 010 | @dCNY1.40 | |
| 091 | @a10190.105 | |
| 100 | @a19950623d1982 em y0chiy0110 ea | |
| 101 | 0 | @achi |
| 102 | @aCN@b110000 | |
| 105 | @ay z 000zy | |
| 200 | 1 | @a《野草》研究@9ye cao yan jiu@f孙玉石著 |
| 210 | @a北京@c中国社会科学出版社@d1982 | |
| 215 | @a376页@d21cm | |
| 606 | 0 | @a鲁迅著作@x研究 |
| 606 | 0 | @a文学研究 |
| 606 | 0 | @a文学@x中国 |
| 690 | @aI210.97@v5 | |
| 690 | @aI206@v4 | |
| 701 | 0 | @c(满)@a孙玉石@9sun yu shi@f(1935.11~)@4著 |
| 801 | 0 | @aCN@bTSSF@c20150115 |
| 905 | @aZUCC@dI206@eJY62 | |
| 《野草》研究/孙玉石著.-北京:中国社会科学出版社,1982 |
| 376页;21cm |
| ISBN :CNY1.40 |
| ● |
| 相关链接 |
|
|
|
|
正题名:《野草》研究
索取号:I206/JY62
 
预约/预借
| 序号 | 登录号 | 条形码 | 馆藏地/架位号 | 状态 | 备注 |
| 1 | 7835326 | 278353265 | 学院路分馆/ [索取号:I206/JY62] | 在馆 | |
| 2 | 7835327 | 278353274 | 学院路分馆/ [索取号:I206/JY62] | 在馆 | |
| 3 | 7843041 | 278430413 | 学院路分馆/ [索取号:I206/JY62] | 在馆 | |
| 4 | 7843042 | 278430422 | 学院路分馆/ [索取号:I206/JY62] | 在馆 | |
| 5 | 7843043 | 278430431 | 学院路分馆/ [索取号:I206/JY62] | 在馆 |